|
|
|
|
| LEADER |
00000nam a2200000 a 4500 |
| 001 |
vtls001331268 |
| 003 |
SK-MaSNL |
| 005 |
20260301235710.0 |
| 008 |
240314suuuu xx 0 und |
| 035 |
|
|
|a SNK000284147
|
| 040 |
|
|
|a SNK
|b slo
|c SNK
|e AACR2
|
| 100 |
1 |
|
|a Szeberényi, Johann
|4 aut
|9 633286
|
| 245 |
1 |
0 |
|a Predigt, gehalten am 30, Oktober 1859, ...
|
| 260 |
|
|
|a Schemnik
|b Franz L.
|
| 300 |
|
|
|a 15 s.
|
| 999 |
|
|
|c 976237
|d 978167
|
| 952 |
|
|
|a SNK
|b SNK
|y VYP
|7 0
|p 17A0507029
|o snkSC 911/4 D2
|i snkF 570/67
|8 5
|0 0
|1 0
|4 0
|d 2006-05-05
|l 0
|r 2026-02-24 11:05:08
|w 2026-02-24
|
| 952 |
|
|
|a SNK
|b SNK
|y PREZ
|7 0
|p 17A0715282
|o snkSC 911/4
|0 0
|1 0
|4 0
|d 2011-11-14
|l 0
|r 2025-06-04 00:00:00
|w 2026-02-24
|
| 952 |
|
|
|a SNK
|b SNK
|y VYP
|7 0
|p 17A0140120
|o snkSC 911/4 D1
|i snkF 562/67
|8 5
|0 0
|1 0
|4 0
|d 1998-05-15
|l 0
|r 2005-01-02 00:00:00
|w 2026-02-24
|